Word Chain - Food #3 - Statistics

General Stats
  • This quiz has been taken 133 times
  • The average score is 14 of 20
Answer Stats
Hint Answer % Correct
Kitchen utensil with 3-4 prongs. Fork
96%
Looks like a lemon, but smaller and green. Lime
96%
French dish that a Pixar movie is named after. Ratatouille
91%
Red vegetable used to make ketchup and marinara sauce. Tomato
90%
Yellow condiment put on hotdogs. Mustard
89%
CD-shaped bread eaten for breakfast. Bagel
88%
Grilled meat and vegetables on a skewer. Kebab
86%
Special Christmas drink made with milk, cream, eggs, nutmeg, and vanilla flavoring. Eggnog
83%
You eat this for breakfast, with butter and syrup. Pancake
83%
Ramen, lo mein, and spaghetti are all examples of this (write answer in plural form). Noodles
80%
Mollusc that is eaten by slurping it from its shell. Oyster
79%
Liquid dishes that you can eat a variety of at Panera Bread. Soup
76%
French pastry with cream-filled dough covered in chocolate. Éclair
75%
Flatbread that is a staple of South Asian cuisine. Naan
69%
Pork that comes from the upper leg of a pig. Ham
64%
Root vegetable commonly found with red or white colors. Radish
62%
Looks like a peach, but is smaller and has more vitamins. Apricot
54%
Large fruit with spiky shell texture. Durian
50%
Slender mushroom that grows in stalks. Enoki
22%
Red caviar used in sushi. Ikura
9%
No matching quizzes found
Score Distribution
Percent of People with Each Score
Percentile by Number Answered
Your Score History
You have not taken this quiz